000 00335nam a22001577a 4500
003 SGT
020 _a978-93-5129-595-2
082 _a611
_bB17C
100 _aCHUNG, KYUNG W.
245 _aBRS GROSS ANATOMY
250 _a8TH
260 _aINDIA
_bWOLTERS KLUWER
_c2017
300 _a527
650 _aANATOMY
942 _2ddc
_cBK
999 _c15636
_d15636